|
|
|
|
| LEADER |
00000cam a2200000 a 4500 |
| 001 |
vtls001439867 |
| 003 |
SK-MaSNL |
| 005 |
20260301121133.0 |
| 008 |
240314s2002 xo e 0000j slo |
| 015 |
|
|
|a SNBA2002/12-03773
|
| 020 |
|
|
|a 8022011754
|q (viaz.)
|
| 035 |
|
|
|a SNK000395027
|
| 035 |
|
|
|a urn:nbn:sk:snk-amjd9v
|
| 035 |
|
|
|a urn:nbn:sk:snk-am002q6q
|
| 035 |
|
|
|a 08EF1EF8-585D-4E0D-AD50-E67A1E4D5397
|
| 040 |
|
|
|a SNK
|b slo
|c SNK
|e AACR2
|
| 041 |
0 |
|
|a slo
|
| 044 |
|
|
|a xo
|c SK
|
| 080 |
|
|
|a 885.4-3
|2 1981
|
| 100 |
1 |
|
|a Moravčík, Štefan,
|d 1943-
|4 aut
|9 98697
|
| 245 |
1 |
0 |
|a Mlynárka nemá holubičku
|b sextexty zo 60-tych rokov
|c Štefan Moravčík
|
| 260 |
|
|
|a Bratislava
|b Slovenský spisovateľ
|c 2002
|
| 300 |
|
|
|a 119 s.
|c 17 cm
|
| 655 |
|
7 |
|a slovenské poviedky
|2 SNKPH
|9 70226
|
| 655 |
|
7 |
|a erotické poviedky
|2 SNKPH
|9 73452
|
| 919 |
|
|
|a 80-220-1175-4
|
| 999 |
|
|
|c 728331
|d 730261
|
| 952 |
|
|
|t P60, <03>, [BOOK], {603}
|a SNK
|b SNK
|y PREZ
|7 0
|p 17A0354446
|o snkSD 72326
|i snkKSP 10383/2002
|0 0
|1 0
|4 0
|d 2002-08-27
|l 0
|r 2005-01-02 00:00:00
|w 2026-02-23
|
| 952 |
|
|
|t P60, <04>, [BOOK], {604}
|a SNK
|b SNK
|y VYP
|7 0
|p 17A0354447
|o snkSD 72326 D1
|i snkKSP 10384/2002
|0 0
|1 0
|4 0
|d 2002-08-27
|f 1
|l 0
|r 2005-01-02 00:00:00
|w 2026-02-23
|